01082nam a2200301 i 450000500170000000700030001700800410002002000180006104000350007904100080011408200230012210000370014524500860018225000230026826400580029130000420034933600270039133700330041833800280045149000180047952100530049754500550055065000430060565000380064865100670068694200120075399900150076520220317002020.0ta210831s2019 ck a jr 000 0dspa d a9789585477575 aCO-BoRNBPbspaerdacCO-BoRNBP0 aspa04a986.103bE76d 2221 aEspaña, Gonzalod1945- eautor10aDel grito a la victoria bindependencia de Colombia 1810-1819 cGonzalo España  aPrimera edición  1aBogotá bPenguin Random House bEdiciones B c2019 a242 páginas bilustracionesc23 cm  2rdacontentatextobtxt 2rdamediaasin mediaciónbn 2rdacarrieravolumenbnc0 aNo ficción  aRecomendado para un público mayor de 15 años aIncluye datos biográficos del autor en la solapa17aPróceres xHistoriazColombia 2LEMB17aLibertadoresxHistoriazColombia  4aColombiaxHistoria yGuerra de Independencia, 1810-1819 97587 2ddccBK c8901d8901